Phương pháp giải bài tập sinh học lớp 11, 12 và luyện thi Đại học T.1 Vật chất và cơ chế di truyền
v.v...
Đã lưu trong:
| Tác giả chính: | |
|---|---|
| Định dạng: | Sách |
| Năm xuất bản: |
Đồng Nai.
Đồng Nai
1998
|
| Phiên bản: | Tái bản lần 4 |
| Chủ đề: | |
| Tags: |
Thêm thẻ
Không có thẻ, Hãy là người đầu tiên gắn thẻ bản ghi này!
|
| LEADER | 00770nam a2200205 4500 | ||
|---|---|---|---|
| 082 | |a 570.76 |b PH105K | ||
| 100 | |a Phan Kỳ Nam | ||
| 245 | |a Phương pháp giải bài tập sinh học lớp 11, 12 và luyện thi Đại học |c Phan Kỳ Nam |n T.1 |p Vật chất và cơ chế di truyền | ||
| 250 | |a Tái bản lần 4 | ||
| 260 | |a Đồng Nai. |b Đồng Nai |c 1998 | ||
| 300 | |a 269 tr |c 21 cm | ||
| 520 | |a v.v... | ||
| 653 | |a Sinh học | ||
| 653 | |a Lớp 11 | ||
| 653 | |a Lớp 12 | ||
| 653 | |a Sách luyện thi | ||
| 653 | |a Giải bài tập | ||
| 942 | |2 ddc |c SH | ||
| 999 | |c 7217 |d 7217 | ||
| 952 | |0 0 |1 0 |2 ddc |4 0 |6 570_760000000000000_PH105K |7 0 |8 500 |9 66769 |a qbu |b qbu |c D3 |d 2015-01-30 |g 14500 |o 570.76 PH105K |p 7053.c1 |r 0000-00-00 |w 2015-01-30 |y SH |0 0 |6 570_760000000000000_PH105K | ||